000 00640nam a2200193 i 4500
001 146170
003 ES-MaACL
005 20230906201434.0
007 t|
008 070904s1951 sp ||||1| spa d
080 _a351.83:[331:677(46)
245 0 0 _aTrabajo y previsión al día en la industria textil de géneros de punto :
_bdisposiciones en vigor /
_cpor Amado Fernández Heras.
260 _aMadrid :
_b[s.n.],
_c1951 (
_fAcati)
300 _a157 p. ;
_c17 cm.
650 4 _aIndustria textil-
_zEspaña.
_9159884
650 4 _aGéneros de punto.
_9172305
700 1 _aFernández Heras, Amado.
_949843
852 _aES-MaACL
_jD-5736
999 _c146170
_d146170